00434cam a2200169ua 45000010005000000080039000050200018000440400009000620410008000710820008000791000027000872450063001142500009001772600033001863000014002196530031002338354150128n ii |||gr||||Z||||||eng a9781405131742 cMAIN aeng a811 aMacgowan, C.,eAuthor.1 aTwentieth-century American poetrycBy Christopher Macgowan a1st. aNew Delhi:bAtlantic,c2004. axvi,332p. aAmerican poetry in English